01523nam a2200337 a 4500001001200000003000800012006001900020007001500039008004100054020001800095020002700113040002100140035002100161050002800182082001600210100002200226245025500248260005000503300004200553500002000595500004500615533015200660588009500812650003900907650002600946655002900972700002401001710001701025856012601042999001701168ebr10695786CaPaEBRm o u cr cn|||||||||150303s2013 enka s 001 0 eng d z9781849697187 z9781849697194 (e-book) aCaPaEBRcCaPaEBR a(OCoLC)84993404614aQA76.9.U83bG567 2013eb04a005.4372231 aGiorio, Clemente.10aKinect in motion - audio and visual tracking by exampleh[electronic resource] :ba fast-paced, practical guide including examples, clear instructions, and details for building your own multimodal user interface /cClemente Giorio, Massimo Fascinari. aBirmingham, U.K. :bPackt Publishing,cc2013. a1 online resource (ii, 98 p.) :bill. aIncludes index. a"Community Experience Distilled"--Cover. aElectronic reproduction.bPalo Alto, Calif. :cebrary,d2015.nAvailable via World Wide Web.nAccess may be limited to ebrary affiliated libraries. aDescription based on online resource; title from title page (ebrary, viewed May 23, 2013). 0aUser interfaces (Computer systems) 0aKinectxProgrammning. 7aElectronic books.2local1 aFascinari, Massimo.2 aebrary, Inc.40uhttp://site.ebrary.com/lib/rucke/Doc?id=10695786zAn electronic book accessible through the World Wide Web; click to view c23925d23925